| 000 | 00611cab a2200205 4500 | ||
|---|---|---|---|
| 001 | WB3042-69 | ||
| 008 | 090401t1994 xxu||||| |||| 00| 0 eng d | ||
| 035 | _a(Sirsi) u80199 | ||
| 041 | _aeng | ||
| 245 | _aNo-win case for the good guys | ||
| 260 | _c1994 | ||
| 350 | _a0 | ||
| 490 |
_aIndependent _v5 November 1994, 41(1) |
||
| 520 | _aDiscusses how honest estate agents are suffering under the Property Misdescriptions Act 1991. Gives examples. | ||
| 650 | _aESTATE AGENTS | ||
| 650 | _aPROPERTY MISDESCRIPTIONS ACT 1991 | ||
| 690 | _aPROPERTY LAW AND PRACTICE | ||
| 942 | _n0 | ||
| 948 | _c04/03/1997 | ||
| 999 |
_c50474 _d50474 |
||